Loading...
| History - Other | 0 | 11 | 0 | 3 | 110 | 70 | 108.36 | 2 | 6 | 0.00 | 0.00 |
| Literature - British | 0 | 11 | 0 | 0 | 110 | 83 | 114.36 | 1 | 5 | 0.00 | 0.00 |
| Fine Arts - Other | 0 | 10 | 0 | 1 | 100 | 31 | 102.90 | 1 | 2 | 0.00 | 0.00 |
| Social Science | 0 | 11 | 3 | 3 | 95 | 72 | 109.73 | 2 | 2 | 0.00 | 0.00 |
| History - American | 0 | 10 | 1 | 1 | 95 | 57 | 101.60 | 4 | 5 | 0.00 | 0.00 |
| Literature - World | 0 | 10 | 1 | 2 | 95 | 68 | 117.30 | 1 | 2 | 0.00 | 0.00 |
| Philosophy | 0 | 10 | 2 | 0 | 90 | 47 | 91.10 | 1 | 4 | 0.00 | 0.00 |
| Mythology | 0 | 9 | 0 | 2 | 90 | 41 | 109.89 | 2 | 3 | 0.00 | 0.00 |
| History - World | 0 | 8 | 0 | 2 | 80 | 34 | 100.00 | 2 | 3 | 0.00 | 0.00 |
| Literature - European | 0 | 8 | 0 | 0 | 80 | 72 | 105.13 | 0 | 3 | 0.00 | 0.00 |
| Literature - American | 0 | 7 | 1 | 1 | 65 | 64 | 103.86 | 1 | 2 | 0.00 | 0.00 |
| Religion | 0 | 8 | 3 | 2 | 65 | 42 | 105.25 | 2 | 3 | 0.00 | 0.00 |
| History - European | 0 | 6 | 0 | 0 | 60 | 76 | 99.33 | 0 | 1 | 0.00 | 0.00 |
| Fine Arts - Classical Music | 0 | 6 | 0 | 2 | 60 | 62 | 117.67 | 0 | 2 | 0.00 | 0.00 |
| Fine Arts - Painting & Sculpture | 0 | 7 | 3 | 0 | 55 | 88 | 106.86 | 1 | 5 | 0.00 | 0.00 |
| Current Events | 0 | 4 | 0 | 0 | 40 | 61 | 91.00 | 1 | 1 | 0.00 | 0.00 |
| Geography | 0 | 4 | 3 | 1 | 25 | 55 | 105.75 | 1 | 1 | 0.00 | 0.00 |
| Science - Biology | 0 | 2 | 0 | 1 | 20 | 93 | 113.00 | 0 | 1 | 0.00 | 0.00 |
| Science - Physics | 0 | 2 | 0 | 0 | 20 | 99 | 102.50 | 0 | 1 | 0.00 | 0.00 |
| Other Academic | 0 | 2 | 1 | 1 | 15 | 40 | 90.00 | 1 | 1 | 0.00 | 0.00 |
| Science - Other | 0 | 0 | 1 | 0 | -5 | 0.00 | 0 | 0 | 0.00 | 0.00 |